000 00454nam a22001697a 4500
005 20260107112728.0
008 260107b |||||||| |||| 00| 0 eng d
020 _a978-1785-835-681
050 _aLB1775.N49 2021
100 _aNEWLAND ALAN
245 _aBECOMING A TEACHER
260 _aUNITED KINGDOM
_bCROWN HOUSE PUBLISHING
_c2021
300 _aX,361
500 _aINCLUDES AN INDEX
650 _aTEACHING-VACATIONAL GUIDANCE
942 _2lcc
_cBK
999 _c216418
_d216418